| 000 | 00000nam##2200000za#4500 |
| 001 | 9.557969 |
| 003 | CaOODSP |
| 005 | 20210624172143 |
| 007 | cr ||||||||||| |
| 008 | 150406|2005||||xxc|||||o f|0| 0 eng|d |
| 020 | |a0-662-31154-X |
| 040 | |aCaOODSP|beng |
| 043 | |an-cn--- |
| 086 | 1 |aCS92-377E-IN |
| 245 | 00|a2001 Census catalogue |h[electronic resource] |
| 246 | 3 |aReference products : 2001 Census |
| 260 | |bStatistics Canada. |c2005, c2004. |
| 300 | |a242p.|btables |
| 490 | 1 |a2001 Census |
| 520 | 3 |aContains detailed descriptions of all products and services based on the 2001 Census, including prices, release dates and media, catalogue numbers, ISBN numbers. |
| 590 | |a06-04-Supp|b2006-10-02 |
| 690 | 07|aCensus|2gcpds |
| 690 | 07|aCensus data|2gcpds |
| 710 | 1 |aCanada.|bStatistics Canada. |bCensus. |
| 775 | 08|tCatalogue du recensement de 2001 |w(CaOODSP)9.590969 |
| 830 | #0|a2001 Census.|w(CaOODSP)9.504420 |
| 856 | 40|ahttp://publications.gc.ca|qPDF|s2320 KB|uhttps://publications.gc.ca/collections/Collection/Statcan/92-377-X/92-377-XIE02001.pdf |